Writing new identities : gender, nation, and immigration in contemporary Europe
Αποθηκεύτηκε σε:
| Άλλοι συγγραφείς: | , |
|---|---|
| Μορφή: | Βιβλίο |
| Γλώσσα: | English |
| Δημοσίευση: |
Minneapolis :
University of Minnesota Press, 1997.
|
| Θέματα: | |
| Ετικέτες: |
Προσθήκη ετικέτας
Δεν υπάρχουν, Καταχωρήστε ετικέτα πρώτοι!
|
MARC
| LEADER | 00000cam a2200000 i 4500 | ||
|---|---|---|---|
| 001 | 1/343 | ||
| 008 | 000403s1997 mnu| ||| |||| ||eng|| | ||
| 020 | |a 0816624615 | ||
| 035 | |l 10059624 | ||
| 040 | |a GR-MyUa |b gre |e AACR2 | ||
| 041 | 0 | |a eng | |
| 082 | 7 | |a 304.82094 |2 (22) | |
| 245 | 0 | 0 | |a Writing new identities : |b gender, nation, and immigration in contemporary Europe / |c Gisela Brinker-Gabler and Sidonie Smith, editors. |
| 260 | |a Minneapolis : |b University of Minnesota Press, |b 1997. | ||
| 300 | |a xi, 392 σ. ; |c 24 εκ. | ||
| 504 | |a Περιλαμβάνει βιβλιογραφικές παραπομπές και ευρετήριο. | ||
| 650 | 0 | 0 | |a Migration, Internal |z Europe. |
| 650 | 0 | 0 | |a Nationalism |z Europe. |
| 650 | 0 | 0 | |a Ethnicity |z Europe. |
| 650 | 0 | 0 | |a Emigration and immigration in literature. |
| 650 | 0 | 0 | |a Nationalism in literature. |
| 650 | 0 | 0 | |a Women in literature. |
| 651 | 0 | |a Europe |x Emigration and immigration. | |
| 651 | 0 | |a Europe |x Social conditions |y 20th century. | |
| 700 | 1 | |a Brinker-Gabler, Gisela, |e edtf | |
| 700 | 1 | |a Smith, Sidonie, |e edtf | |
| 852 | |a INST |b LESVOS |e 20000403 |h 304.82094 WRI |p 005100020118 |q 005100020118 |t BK |y 0 | ||
| 901 | |a BIBL1-2000-2 | ||
| 922 | |a 1ΕΛΗ |b 200003 |c ΤΑΚ/ΤΚΑ |d ΠΑΠΑΣΩΤΗΡΙΟΥ | ||
| 950 | |a 117-1999-11-26 | ||
| 970 | |a ΑΙΒΑΤΖΙΔΟΥ |b ΕΛΕΝΗ |z 2000/05/09 | ||